000 00861nam a2200217Ii 4500
003 JO-AjNU
008 230605s9999||||xx |||||||||||||| ||und||
017 _a2007/6/1882
040 _aJO-AjNU
_bara
_erda
_cJO-AjNU
041 _aara
050 1 4 _aHF5686.A2 .S5266 2008
100 3 _aالشرع، مجيد جاسم,
_eauthor
_933406
245 0 0 _aالمحاسبة في المنظمات المالية : المصارف الاسلامية
250 _aط1
264 3 1 _aالشارقة، عمان: مكتبة الجامعة، اثراء للنشر والتوزيع، 2008
300 _a483ص
_bيحتوي على ببلوغرافية من ص 477-483ص
336 _atext
_btxt
_2rdacontent
337 _aunmediated
_bn
_2rdamedia
338 _avolume
_bnc
_2rdacarrier
650 4 _aالمحاسبة المالية - المصارف الاسلامية
_933407
999 _aA13594
_c17162
_d17162